Assessing effects of mixing parameters on interphases in blends of dissimilar rubbers using M-TDSC (Record no. 54527)

MARC details
000 -LEADER
fixed length control field 00703nam a2200229Ia 4500
100 ## - MAIN ENTRY--AUTHOR NAME
Personal name Ostad-Movahed S
245 #0 - TITLE STATEMENT
Title Assessing effects of mixing parameters on interphases in blends of dissimilar rubbers using M-TDSC
260 ## - PUBLICATION, DISTRIBUTION, ETC. (IMPRINT)
Name of publisher Journal of Rubber Research
Year of publication 2008
300 ## - PHYSICAL DESCRIPTION
Number of Pages 13-28
500 ## - GENERAL NOTE
General note Source Year: 2008
650 ## - SUBJECT ADDED ENTRY--TOPICAL TERM
Topical Term Interphase
650 ## - SUBJECT ADDED ENTRY--TOPICAL TERM
Topical Term Mixing conditions
650 ## - SUBJECT ADDED ENTRY--TOPICAL TERM
Topical Term Modulated temperature differential scanning calorimetry
650 ## - SUBJECT ADDED ENTRY--TOPICAL TERM
Topical Term Physical mixture
650 ## - SUBJECT ADDED ENTRY--TOPICAL TERM
Topical Term Polybutadiene rubber
650 ## - SUBJECT ADDED ENTRY--TOPICAL TERM
Topical Term Rubber blend
650 ## - SUBJECT ADDED ENTRY--TOPICAL TERM
Topical Term Styrene-butadiene rubber
700 ## - ADDED ENTRY--PERSONAL NAME
Personal name Ansarifar A
700 ## - ADDED ENTRY--PERSONAL NAME
Personal name Song M
942 ## - ADDED ENTRY ELEMENTS (KOHA)
Koha item type Journals
Holdings
Withdrawn status Lost status Damaged status Not for loan Home library Current library Shelving location Date acquired Serial Enumeration / chronology Koha item type
      Journals RRII Library RRII Library Rubber chemistry 23/07/2008 Volume 11, Issue 1 Journals